Bài tập toán cao cấp

محفوظ في:
التفاصيل البيبلوغرافية
التنسيق: كتاب
اللغة:Undetermined
منشور في: Hà Nội Giáo dục 2003
الموضوعات:
الوسوم: إضافة وسم
لا توجد وسوم, كن أول من يضع وسما على هذه التسجيلة!
Thư viện lưu trữ: Trung tâm Học liệu Trường Đại học Cần Thơ
LEADER 00518nam a2200181Ia 4500
001 CTU_94430
008 210402s9999 xx 000 0 und d
082 |a 515.64076 
082 |b B103/T.2 
245 0 |a Bài tập toán cao cấp 
245 0 |c Nguyễn Viết Đông...[et.al] 
260 |a Hà Nội 
260 |b Giáo dục 
260 |c 2003 
650 |a Advanced mathematics 
650 |x Problems, exercises, etc 
904 |i Trúc 
980 |a Trung tâm Học liệu Trường Đại học Cần Thơ